000 01095cam a2200325 a 4500
001 5992
003 FISKH
005 20250218143600.0
008 120216r20112005nyu d 000 1 eng
010 _a 2011534116
020 _a9781416936381 (hardcover)
020 _a9781665940658
_c$17.00
020 _a9781442419810 (pbk.)
020 _a9781416934509 (eBook)
040 _aDLC
_cDLC
_beng
050 _aPZ7.W5197 U
082 _a813
100 1 _aWesterfeld, Scott.
245 1 0 _aUglies /
_cScott Westerfeld.
260 _aNew York :
_bSimon Pulse,
_c2011.
300 _a406 pages :
_c21 cm
500 _aSequel: Pretties.
520 _aJust before their sixteenth birthdays, when they will will be transformed into beauties whose only job is to have a great time, Tally's best friend runs away and Tally must find her and turn her in, or never become pretty at all.
650 1 _aBeauty, Personal
_vFiction.
650 1 _aFriendship
_vFiction.
650 1 _aScience fiction.
906 _a7
_bcbc
_corignew
_d2
_encip
_f20
_gy-gencatlg
942 _2ddc
_cBK
_n0
999 _c5992
_d5992